[Event "31st Dortmund Meeting"]
[Site "Dortmund GER"]
[Date "2003.08.04"]
[Round "5"]
[White "Kramnik, Vladimir"]
[Black "Leko, Peter"]
[WhiteElo "2785"]
[BlackElo "2739"]
[Result "1/2-1/2"]
[EventDate "2003.07.31"]
[PlyCount "103"]

1.e4 c5 2.Nf3 d6 3.d4 cxd4 4.Nxd4 Nf6 5.Nc3 a6 6.Be3 e6 7.f3 Be7 8.Qd2 Nc6
9.O-O-O O-O 10.g4 Nxd4 11.Bxd4 b5 12.g5 Nd7 13.h4 Qc7 14.a3 Ne5 15.Be2 Nc6
16.Be3 b4 17.axb4 Nxb4 18.h5 Rb8 19.Kb1 e5 20.Nd5 Nxd5 21.exd5 Bf5 22.Bd3 
Bxd3 23.Qxd3 Rb4 24.Rhg1 Rfb8 25.Bc1 Qb7 26.Qa3 Rb5 27.Qa2 f5 28.gxf6 Bxf6
29.b3 Rxd5 30.h6 g6 31.Qa4 Rxd1 32.Rxd1 d5 33.Bb2 d4 34.f4 Qb5 35.Qxb5 
Rxb5 36.fxe5 Bxe5 37.Bxd4 Rd5 38.c3 Bxd4 39.cxd4 Rh5 40.d5 Kf7 41.d6 Ke8 
42.Re1+ Kd8 43.Re7 Rxh6 44.Rg7 g5 45.Rxg5 Rg6 46.Ra5 Rxd6 47.Kc2 Ke8 48.b4
Rb6 49.Kd3 Kf7 50.Ke3 Kg6 51.Kf3 h5 52.Kg3 1/2-1/2

[Event "31st Dortmund Meeting"]
[Site "Dortmund GER"]
[Date "2003.08.08"]
[Round "8"]
[White "Bologan, Viorel"]
[Black "Leko, Peter"]
[WhiteElo "2650"]
[BlackElo "2739"]
[Result "1/2-1/2"]
[EventDate "2003.07.31"]
[PlyCount "37"]

1.e4 c5 2.Nf3 Nc6 3.Bb5 g6 4.Bxc6 dxc6 5.d3 Bg7 6.h3 Nf6 7.Nc3 O-O 8.Be3 
b6 9.Qd2 e5 10.Bh6 Qd6 11.g4 Be6 12.Ne2 Rad8 13.Bxg7 Kxg7 14.Qc3 Nd7 15.
Ng5 h6 16.Nxe6+ fxe6 17.Kf1 Rf3 18.Kg2 Rdf8 19.Raf1 {Here the opponents 
agreed for a draw, as none of them hasn't any good plan of improving his 
position.} 1/2-1/2

[Event "31st Dortmund Meeting"]
[Site "Dortmund GER"]
[Date "2003.08.09"]
[Round "9"]
[White "Anand, Viswanathan"]
[Black "Naiditsch, Arkadij"]
[WhiteElo "2774"]
[BlackElo "2574"]
[Result "1/2-1/2"]
[EventDate "2003.07.31"]
[PlyCount "37"]

1.e4 e5 2.Nf3 Nc6 3.Bb5 a6 4.Ba4 Nf6 5.O-O Be7 6.Re1 b5 7.Bb3 O-O 8.h3 Bb7
9.d3 d6 10.a3 h6 11.Nc3 Re8 12.Ba2 Qd7 13.Be3 Nd8 14.Nh2 Ne6 15.Ng4 c6 16.
Rf1 Nf4 17.Nxf6+ Bxf6 18.Qf3 Bg5 19.Ne2 1/2-1/2

[Event "31st Dortmund Meeting"]
[Site "Dortmund GER"]
[Date "2003.08.09"]
[Round "9"]
[White "Bologan, Viorel"]
[Black "Radjabov, Teimour"]
[WhiteElo "2650"]
[BlackElo "2648"]
[Result "1/2-1/2"]
[EventDate "2003.07.31"]
[PlyCount "73"]

1.e4 c5 2.Nf3 Nc6 3.Nc3 e5 4.Bc4 Be7 5.d3 d6 6.O-O Nf6 7.Ng5 O-O 8.f4 Bg4 
9.Qe1 exf4 10.Bxf4 Nd4 11.Qd2 Qd7 12.Be3 h6 13.Nf3 Nxf3+ 14.gxf3 Be6 15.
Kh1 Kh7 16.Bxe6 fxe6 17.Qg2 Rf7 18.Rg1 Raf8 19.Ne2 d5 20.Nf4 g5 21.Ng6 Nh5
22.Nxf8+ Rxf8 23.Qh3 Kg6 24.Raf1 d4 25.Bd2 Bd6 26.Rg4 Bf4 27.Bxf4 Nxf4 28.
Qg3 e5 29.h4 Qe6 30.b3 b5 31.a3 Rh8 32.Qh2 Rf8 33.Qg3 Rh8 34.Rxf4 exf4 35.
Qh2 c4 36.Rg1 Rc8 37.bxc4 {Here the sides agreed for a draw. The following
variations give a notion about the struggle, which could be continued:} 
1/2-1/2